Normal view
MARC view
- THILL, JOHN, BOVEE COURTLAND
Entry Personal Name
001 - CONTROL NUMBER
- control field: 91456
003 - CONTROL NUMBER IDENTIFIER
- control field: NUST
005 - DATE AND TIME OF LATEST TRANSACTION
- control field: 20220510115808.0
008 - FIXED-LENGTH DATA ELEMENTS
- fixed length control field: 220510|| aca||aabn | a|a d
040 ## - CATALOGING SOURCE
- Original cataloging agency: NUST
- Transcribing agency: NUST
100 ## - HEADING--PERSONAL NAME
- Personal name: THILL, JOHN, BOVEE COURTLAND
670 ## - SOURCE DATA FOUND
- Source citation: Work cat.: (NUST): THILL, JOHN, BOVEE COURTLAND. , BUSINESS COMMUNICATION TODAY /, 2017.
